|
|
|
|
| LEADER |
00906nab a2200229 i 4500 |
| 001 |
misc62012 |
| 005 |
20230301140957.0 |
| 008 |
230202s1958 hu o 0|| ger d |
| 040 |
|
|
|a SZTE Miscellanea Repozitórium
|b hun
|
| 041 |
|
|
|a ger
|
| 100 |
1 |
|
|a Pricak Omelân
|
| 245 |
1 |
4 |
|a Die ursprünglichen türkischen Vokallängen im Balkarischen
|h [elektronikus dokumentum] /
|c Pricak Omelân
|
| 260 |
|
|
|a Türk Tarih Kurumu Basimevi
|b Ankara
|c 1958
|
| 300 |
|
|
|a 203-206
|c 24 cm
|
| 300 |
|
|
|a [5] p.
|c 24 cm
|
| 490 |
0 |
|
|a Jean Deny armaganı / hazırlayanlar: János Eckmann, et al
|
| 561 |
|
|
|a Németh Gyula hagyaték
|
| 591 |
|
|
|a LOA 2911; NOA 4701
|
| 650 |
|
4 |
|a Bölcsészettudományok
|
| 650 |
|
4 |
|a Nyelvek és irodalom
|
| 695 |
|
|
|a Karacsáj-balkár nyelv - hangtan, Nyelvészet - összehasonlító - balkár-török
|
| 856 |
4 |
0 |
|u http://misc.bibl.u-szeged.hu/62012/1/4701_noa.pdf
|z Dokumentum-elérés
|